Vplyv finančnej krízy na potravinovú bezpečnosť rozvojových krajín
Na minha lista:
| Autor principal: | |
|---|---|
| Formato: | Capítulo de Livro |
| Idioma: | eslovaco inglês |
| Assuntos: | |
| Tags: |
Sem tags, seja o primeiro a adicionar uma tag!
|
MARC
| LEADER | 00000naa$a2200000$$$4500 | ||
|---|---|---|---|
| 001 | 0101029 | ||
| 005 | 20240711084114.0 | ||
| 041 | 0 | |a slo | |
| 041 | 0 | |a eng | |
| 044 | |a SK | ||
| 245 | 1 | 0 | |a Vplyv finančnej krízy na potravinovú bezpečnosť rozvojových krajín |c Dušan Lacek |
| 610 | 2 | 0 | |a potraviny |
| 610 | 2 | 0 | |a bezpečnosť potravinová |
| 610 | 2 | 0 | |a krajiny rozvojové |
| 610 | 2 | 0 | |a kríza finančná |
| 100 | 1 | |a Lacek, Dušan | |